Normal view
MARC view
Entry Nome pessoal
001 - NÚMERO DE CONTROLE
- campo de controle: 1005
003 - IDENTIFICADOR DO NÚMERO DE CONTROLE
- campo de controle: Br
005 - DATA E HORÁRIO DA ÚLTIMA TRANSAÇÃO
- campo de controle: 20250902070849.0
008 - CAMPO DE DADOS FIXOS
- campo de controle de tamanho fixo: 990721|| acnnnaab| aaaa d
035 ## - NÚMERO DE CONTROLE DO SISTEMA
- Número de Controle do Sistema: 99072116383986E50
040 ## - FONTE DA CATALOGAÇÃO
- Instituição da catalogação original: Br
- Instituição que transcreveu o registro: Br
100 1# - CABEÇALHO--NOME PESSOAL
- Nome pessoal: Araújo, Inácio,
- Datas associadas ao nome: 1948-
400 1# - REMISSIVA VER--NOME PESSOAL
- Nome pessoal: Silva Júnior, Francisco Inácio de Araújo,
- Datas associadas ao nome: 1948-
670 ## - FONTE POSITIVA DOS DADOS
- Citação da fonte positiva dos dados: Autor de: Alfred Hitchcock.1982.
- Dados encontrados na fonte localizada no subcampo: (d.n.).
670 ## - FONTE POSITIVA DOS DADOS
- Citação da fonte positiva dos dados: Seu: "Uma chance na vida...1989"
- Dados encontrados na fonte localizada no subcampo: (n.c.).
675 ## - FONTE NEGATIVA DOS DADOS
- Citação da fonte positiva dos dados: Índice.
- Citação da fonte positiva dos dados: Acc. list. 1975/83 (jan.fev.).